Quest for a general theory of leadership (Record no. 1301522)

MARC details
000 -LEADER
fixed length control field 00592nam a2200205Ia 4500
005 - DATE AND TIME OF LATEST TRANSACTION
control field 20250326143908.0
008 - FIXED-LENGTH DATA ELEMENTS--GENERAL INFORMATION
fixed length control field 250326s9999 xx 000 0 und d
037 ## - SOURCE OF ACQUISITION
Stock number Textbook
040 ## - CATALOGING SOURCE
Original cataloging agency FMSL
Language of cataloging eng
Transcribing agency FMSL
041 ## - LANGUAGE CODE
Language code of text/sound track or separate title eng
Source of code eng
084 ## - COLON CLASSIFICATION NUMBER
Classification number Y48 P6
Assigning agency FMSL
100 ## - MAIN ENTRY--PERSONAL NAME
Personal name Goethals G R
9 (RLIN) 748686
245 #0 - TITLE STATEMENT
Title Quest for a general theory of leadership
Statement of responsibility, etc. Goethals G R; Sorendon G L J
260 ## - PUBLICATION, DISTRIBUTION, ETC.
Place of publication, distribution, etc. United Kingdom
Name of publisher, distributor, etc. United Kingdom, Edward Elgar
Date of publication, distribution, etc. 2006
300 ## - PHYSICAL DESCRIPTION
Extent 250p
365 ## - TRADE PRICE
Price amount 134897.369355
650 ## - SUBJECT ADDED ENTRY--TOPICAL TERM
Topical term or geographic name entry element Leadership
942 ## - ADDED ENTRY ELEMENTS (KOHA)
Koha item type Textbook
Classification part Y48 P6
Holdings
Withdrawn status Lost status Damaged status Not for loan Home library Current library Date acquired Source of acquisition Cost, normal purchase price Total Checkouts Full call number Barcode Date last seen Price effective from Koha item type
        Faculty of Management Library Faculty of Management Library 2025-03-26 Govinda Book House 134897.37   Y48 P6 ML1351063 2025-03-26 2025-03-26 Textbook
Copyright @ Delhi University Library System